000 00721nam a2200193Ii 4500
003 JO-AjNU
008 230605s9999||||xx |||||||||||||| ||und||
040 _aJO-AjNU
_bara
_erda
_cJO-AjNU
041 _aara
050 1 4 _aHF5681.B2.K4 1981
100 3 _aضيف،خيرت / م.مشارك:محمد شوقي بشادي,
_eauthor
_917962
245 0 0 _aتطبيقات عملية المحاسبة المالية: اعداد ودراسة القوائم المالية
264 3 1 _aالاسكندرية: الدار الجامعية ، 1981
300 _a134ص
336 _atext
_btxt
_2rdacontent
337 _aunmediated
_bn
_2rdamedia
338 _avolume
_bnc
_2rdacarrier
650 4 _aالمحاسبة المالية
_917963
999 _aA5656
_c9224
_d9224